| 000 | 01938nam0a2200457 4500 | ||
|---|---|---|---|
| 001 | RU\NLR\BIBL_A\012747673 | ||
| 005 | 20250717184706.0 | ||
| 010 |
_a978-5-04-155210-7 _910000 |
||
| 021 |
_aRU _bКН-П-21-090568 _9КН-П-21-7217 |
||
| 035 | _a(NLR Aleph) 012747673 | ||
| 035 | _a(RuMoRGB)010931881 | ||
| 090 |
_a13022142 _c13022142 |
||
| 100 | _a20220401d2022 e y0rusy50 ca | ||
| 101 | 1 |
_arus _ceng |
|
| 102 | _aRU | ||
| 105 | _aa z 000ay | ||
| 181 | 0 |
_ai _baxxe |
|
| 182 | 1 | _an | |
| 200 | 1 |
_aДом Гуччи _eсенсационная история убийства, безумия, гламура и жадности _fСара Гэй Форден _gперевод с английского М. Э. Борисовой, М. С. Белолипцева |
|
| 203 |
_aТекст _bвизуальный _cнепосредственный |
||
| 210 |
_aМосква _cЭксмо _d2022 |
||
| 215 |
_a540, [2] с. _cил. _d22 |
||
| 225 | 1 | _aКинопремьера мирового масштаба | |
| 300 | _aЗагл. обл. и корешка: Дом Gucci | ||
| 300 | _aНа обл.: По кн. снят фильм Ридли Скотта | ||
| 320 | _aБиблиогр.: с. 528-537 | ||
| 333 | _a16+ | ||
| 500 | 1 | 0 |
_6z37702 _aДом Gucci _lфильм |
| 512 | 1 | _aДом Gucci | |
| 600 | 1 |
_aГуччи _bА. _f1905 - 1990 _gАльдо _92345494 _3RU\NLR\AUTH\6601624934 |
|
| 601 | 0 | 2 |
_aГуччи, модный дом _cФлоренция, город; Италия _92554640 _3RU\NLR\AUTH\6601724317 |
| 686 | 1 | _aМ4-22л2 | |
| 686 | 1 | _aЩ126.63(4Ит)6-8Гуччи | |
| 686 | 1 | _aЩ374.9(4Ит)6-7Дом Гуччи | |
| 686 | 1 | _aШ6(7США)67-46{Лх1979-100/140} | |
| 700 | 1 |
_aФорден _bС. Г. _gСара Гэй |
|
| 702 | 1 |
_6z37500 _aСкотт _bР. _gРидли _4300 |
|
| 942 | _cBOOK | ||
| 980 | _aNB | ||